00543nam a2200193Ia 4500001000700000003000500007008004100012010001100053040000900064082001100073100002900084245011400113260003900227300001100266440002700277500000500304503000800309650003200317Z_4518CHAP220113s1982 xx 000 0 und d a167593 cCHAP a599 R3 aRamírez Pulido, José aCatálogo de los mamíferos terrestres nativos de México /cpor José Ramírez Pulido /cy otros /c aMéxico, D. F. :bTrillas,c1982 a126 P. abibliografía 101-126 a aC/E aMamíferosxMéxico I. t.